| 000 | 00725nam a22002537a 4500 | ||
|---|---|---|---|
| 001 | 119122 | ||
| 003 | UA-OsUOA | ||
| 005 | 20240612122439.0 | ||
| 007 | ta | ||
| 008 | 20161006b un ||||| |||| 00| 0 ukr d | ||
| 020 | _a978-9663-97-175-9 | ||
| 040 |
_aUA-OsUOA _bukr _cUA-OsUOA _dUA-OsUOA |
||
| 041 | _aukr | ||
| 080 | _a82.09(438) | ||
| 090 |
_a82.09(438) _bГ12 |
||
| 100 |
_aГавпт З. _93214 |
||
| 245 |
_aБаскійський диявол _cЗигмунт Гавпт |
||
| 260 |
_aЛьвів _bЇ _c2014 |
||
| 300 | _a213 с. | ||
| 650 | 7 |
_a82 Література. Літературознавство _2UDC _915 |
|
| 942 |
_cBK _2udc |
||
| 955 | _a3 | ||
| 999 |
_c405034 _d405034 |
||